عرض عادي
عرض مارك
- Zarb, George A.
مدخل إسم شخص
001 - رقم الضبط
- حقل الضبط: 64245
003 - معرف رقم الضبط
- حقل الضبط: OSt
005 - تاريخ ووقت أخر عملية
- حقل الضبط: 20180817154845.0
008 - عناصر بيانات ثابتة الطول
- حقل تحكم ثابت الطول: 180817|| aca||aabn | a|a d
040 ## - مصدر الفهرسة
- هيئة الفهرسة الأصلية: OSt
- وكالة الكتابة: OSt
100 ## - مدخل -- أسم شخص
- إسم شخص: Zarb, George A.
- الشكل الكامل للاسم: (George Albert),
- تواريخ مرتبطة بالاسم: 1938-
670 ## - بيانات المصدر موجوده
- الاستشهاد بالمصدر: Work cat.: (OSt)0: Prosthodontic treatment for edentulous patients :
